000305600 001__ 305600
000305600 005__ 20240928181328.0
000305600 0247_ $$aG:(GEPRIS)5343931$$d5343931
000305600 035__ $$aG:(GEPRIS)5343931
000305600 040__ $$aGEPRIS$$chttp://gepris.its.kfa-juelich.de
000305600 150__ $$aBiographien der Abgeordneten der Verfassunggebenden Preußischen Landesversammlung und des Preußischen Landtags (1919-1933)$$y2001 - 2012
000305600 371__ $$aProfessor Dr. Uwe Puschner
000305600 450__ $$aDFG project G:(GEPRIS)5343931$$wd$$y2001 - 2012
000305600 5101_ $$0I:(DE-588b)2007744-0$$aDeutsche Forschungsgemeinschaft$$bDFG
000305600 680__ $$aDen Anstoß für das vorliegende Forschungsprojekt bildete ein Beschluss des Abgeordnetenhauses von Berlin nach dessen Umzug in das Gebäude des ehemaligen Preußischen Landtags, der Opfer des Nationalsozialismus und der kommunistischen Herrschaft unter den Abgeordneten des Preußischen Landtags (1919-1933) zu gedenken. Der Preußische Landtag war in der Weimarer Republik ein "demokratisches Bollwerk". Seine Weimarer Koalition stellte von 1919 bis zum Preußenschlag 1932 fast durchgehend die Regierung. Nach dem Beschluss des Abgeordnetenhauses stellte sich jedoch heraus, dass es kein Gesamtverzeichnis der Abgeordneten des Preußischen Landtags in der Ära der Weimarer Republik gab, geschweige denn eine biographisch orientierte Monographie, die sich den etwa 1400 Abgeordneten des nach dem Reichstag wichtigsten deutschen Parlaments widmete. In dem Zeitraum (April 1994 bis September 1996) wurde eine Datenbasis der Abgeordneten erstellt. Das so zustandegekommene Forschungsprojekt hat sich die Erstellung eines biographischen Datenhandbuchs zum Ziel gesetzt, das die bereits vorliegenden, bis zum Ende der Monarchie reichenden Forschungen für Preußen fortsetzt, aus prosopographischem Blickwinkel einen Beitrag zur Geschichte des Parlamentarismus im demokratischen Preußen der Weimarer Zeit leistet sowie die Verfolgungen von Abgeordneten dokumentiert.
000305600 909CO $$ooai:juser.fz-juelich.de:972475$$pauthority$$pauthority:GRANT
000305600 909CO $$ooai:juser.fz-juelich.de:972475
000305600 980__ $$aG
000305600 980__ $$aAUTHORITY